Biblioteca

A handbook on the letter from Jude and the second letter from Peter / (Registro nro. 64860)

Detalles MARC
000 -LÍDER
Campo fijo de descripción fija 01902cam a2200481 i 4500
001 - NÚMERO DE CONTROL
Campo de control 768714001
003 - IDENTIFICADOR DEL NÚMERO DE CONTROL
Campo de control CO-MdFUSB
005 - FECHA Y HORA DE LA ULTIMA TRANSACCIÓN
control field 20190305130352.0
008 - ELEMENTOS DE LONGITUD FIJA -- INFORMACIÓN GENERAL
Campo fijo de descripción fija -- Información general 930302s1993 nyu b 001 0 eng
010 ## - NÚMERO DE CONTROL DE LA BIBLIOTECA DEL CONGRESO
Número de control LC 93018768
020 ## - NÚMERO INTERNACIONAL NORMALIZADO PARA LIBROS
Número Internacional Normalizado del libro 0826701728 (pbk. : prebound)
040 ## - FUENTE DE CATALOGACIÓN
Agencia de catalogación original DLC
Agencia que realiza la transcripción CO-MdFUSB
Agencia que realiza la modificación OCL
-- UtOrBLW
-- CO-MdFUSB
Idioma de catalogación spa
Convenciones de la descripción rda
041 ## - CÓDIGO DE IDIOMA
Código de idioma para texto/pista de sonido o título separado eng
082 ## - NÚMERO DE CLASIFICACIÓN DECIMAL DEWEY
Número de la edición del Dewey 22
Número de clasificación 227.9307
Clave de autor-Numero de item AR697
100 1# - ASIENTO PRINCIPAL--NOMBRE PERSONAL
Nombre personal Arichea, Daniel C.
Término relacionador autor
242 #3 - TRADUCCIÓN DEL TÍTULO POR AGENCIA CATALOGADORA
Título Un manual sobre la carta de Judas y de segunda de Pedro
Idioma del título original inglés.
245 12 - TÍTULO
Título del Material A handbook on the letter from Jude and the second letter from Peter /
Mención de responsabilidad, etc. Daniel C. Arichea and Howard A. Hatton.
246 30 - FORMA VARIANTE DEL TITULO
Título propiamente dicho/forma breve del título Letter from Jude and the second letter from Peter.
264 #1 - PRODUCCIÓN, PUBLICACIÓN, DISTRIBUCIÓN, MANUFACTURA, Y COPYRIGHT
Lugar de producción, publicación, distribución, manufactura New York :
Nombre del productor, publicador, distribuidor United Bible Societies,
Fecha de producción, publicación, distribución, manufactura, o copyright [1994]
264 #4 - PRODUCCIÓN, PUBLICACIÓN, DISTRIBUCIÓN, MANUFACTURA, Y COPYRIGHT
Fecha de producción, publicación, distribución, manufactura, o copyright ©1983
300 ## - DESCRIPCIÓN FÍSICA
Extensión viii, 188 p.paginas ;
Dimensiones 24 cm.
336 ## - TIPO DE CONTENIDO
Fuente rdacontent
Término de tipo de contenido texto
Código de tipo de contenido txt
337 ## - TIPO DE MEDIO
Fuente rdamedia
Nombre del tipo de medio sin mediación
Código del tipo de medio n
338 ## - TIPO DE SOPORTE
Fuente rdacarrier
Nombre del tipo de soporte volumen
Código Tipo de soporte nc
490 1# - MENCIÓN DE SERIE
Mención de serie UBS handbook series.
490 1# - MENCIÓN DE SERIE
Mención de serie Helps for translators.
504 ## - NOTA DE BIBLIOGRAFÍA, ETC.
Nota de bibliografía, etc Incluye referencias bibliográficas (páginas. 169-172) e indice.
505 ## - NOTA DE CONTENIDO
Nota de contenido con formato preestablecido La carta de Judas. -- La segunda carta de Pedro. -- Salutación -- Falsos maestros que malinterpretan y usa mal los ejemplos del mensaje profético del antiguo testamento. -- Una discusión en la parusía. --
563 ## - NOTA DE ENCUADERNACIÓN
Nota de encuadernación Rústico
630 00 - TITULO UNIFORME
Título uniforme Bible.
Nombre de parte o sección de la obra Jude
Subdivisión de forma Commentaries.
630 07 - TITULO UNIFORME
Título uniforme Biblia.
Nombre de parte o sección de la obra Judas
Subdivisión de forma Comentarios
630 00 - TITULO UNIFORME
Título uniforme Bible.
Nombre de parte o sección de la obra Jude
Subdivisión de materia general Translating.
630 07 - TITULO UNIFORME
Título uniforme Biblia.
Nombre de parte o sección de la obra Judas
Subdivisión de forma Traducción.
630 00 - TITULO UNIFORME
Título uniforme Bible.
Nombre de parte o sección de la obra Peter, 2nd
Subdivisión de forma Commentaries.
630 07 - TITULO UNIFORME
Título uniforme Biblia.
Nombre de parte o sección de la obra Pedro, 2ª
Subdivisión de forma Comentarios.
630 00 - TITULO UNIFORME
Título uniforme Bible.
Nombre de parte o sección de la obra Peter, 2nd
Subdivisión de materia general Translating.
630 07 - TITULO UNIFORME
Título uniforme Biblia.
Nombre de parte o sección de la obra Pedro, 2ª
Subdivisión de forma Traducción.
700 1# - ASIENTO SECUNDARIO - NOMBRE PERSONAL
Nombre personal Hatton, Howard,
Fechas asociadas con el nombre 1929-
Responsabilidad autor
830 #0 - PUNTO DE ACCESO ADICIONAL DE SERIE - TÍTULO UNIFORME
Título uniforme UBS handbook series.
830 #0 - PUNTO DE ACCESO ADICIONAL DE SERIE - TÍTULO UNIFORME
Título uniforme Helps for translators.
942 ## - TIPO DE MATERIAL (KOHA)
Tipo de Item KOHA Libros General
Existencias
Estado de Material Estado de Perdido Forma de Clasificación Estado de Dañado No para Préstamo Colección Biblioteca de Origen Biblioteca Permanente Fecha de Adquisición Forma de Adquisición Total de Préstamos Total de Renovaciones Signatura Topográfica Código de Barras Última vez visto Última vez Préstado Ejemplar/Existencia Fecha de Remplazo Tipo de Material
    Dewey Decimal Classification     Colección General Biblioteca FUSBC Biblioteca FUSBC 05/03/2019 Compra 5 6 G 227.9307 AR697l 12144 13/12/2023 30/11/2023 Ej. 1 05/03/2019 Libros General

Biblioteca FUSBC | Teléfono: (57+4) 349 88 10 Ext. 141| WhatsApp (+57) 3005338115 
E-mail: biblioteca@unisbc.edu.co | Calle 76 87-14 Robledo Palenque, Medellín, Colombia

Con tecnología Koha